Geography Quiz

Random Geography or World Quiz

'LIMIT'-less Countries Quiz Stats

 Plays Quiz Updated May 24, 2018

Challenge
Share
Tweet
Embed
Score 0/29 Timer 10:00
2 Plays Today
% Correct
Canada
89%
France
87.8%
Peru
85%
Sweden
84.1%
Norway
82.8%
Japan
82.4%
Uruguay
81.3%
Paraguay
81.1%
Cuba
78.9%
Greece
78.2%
Chad
74.8%
Ecuador
74.5%
Guyana
73.7%
Andorra
72.2%
Hungary
71.6%
% Correct
Kenya
71%
Sudan
69.5%
Honduras
66.2%
Ghana
66.2%
Rwanda
64%
Kosovo
63.9%
Uganda
62.6%
Cyprus
62.3%
Barbados
59.5%
Nauru
57.9%
Jordan
55.9%
Grenada
52.8%
Gabon
52.5%
Cabo Verde
45.6%

You're not logged in!

Compare scores with friends on all Sporcle quizzes.
Join for Free
OR
Log In

You Might Also Like...

Show Comments

Extras

Top Quizzes Today


Score Distribution

Your Account Isn't Verified!

In order to create a playlist on Sporcle, you need to verify the email address you used during registration. Go to your Sporcle Settings to finish the process.

Report this User

Report this user for behavior that violates our Community Guidelines.

Details: